Vinte mil léguas submarinas (Record no. 188383)

MARC details
000 -LÍDER
campo de controle de tamanho fixo 00375 a2200157 4500
001 - NÚMERO DE CONTROLE
campo de controle 188383
020 ## - ISBN - INTERNATIONAL STANDARD BOOK NUMBER
ISBN - International Standard Book Number 978-85-262-5139-2
040 ## - FONTE DA CATALOGAÇÃO
Instituição que transcreveu o registro Magnum
100 ## - ENTRADA PRINCIPAL--NOME PESSOAL
Nome pessoal Braga, Edson Rocha
240 10 - TÍTULO UNIFORME
Título uniforme Vinte mil léguas submarinas
Idioma da obra por
245 10 - TÍTULO
Título Vinte mil léguas submarinas
300 ## - DESCRIÇÃO FÍSICA
Extensão 48
362 0# - DATAS DE PUBLICAÇÃO E/OU DESIGNAÇÃO SEQUENCIAL
Datas de publicação e/ou designação sequencial 2006
697 ## - ENTRADA DE ASSUNTO LOCAL--ENTIDADE COLETIVA (RLIN)
Nome corporativo ou nome da jurisdição LÍNGUA - LINGÜÍSTICA - LITERATURA
942 ## - ELEMENTOS DE ENTRADA ADICIONADOS (KOHA)
Tipo de material Koha Livros
Holdings
Situação do descarte Situação das perdas Situação física Não pode ser emprestado Biblioteca de origem Biblioteca atual Data de aquisição Total de empréstimos Número de chamada completo Código de barras Data de último acesso Data do preço efetivo Tipo de material Koha
        Magnum Magnum 08/06/2024   2.869.1.39 MAG00061156 08/06/2024 08/06/2024 Livros
        Magnum Magnum 08/06/2024   2.869.1.39 MAG00061177 08/06/2024 08/06/2024 Livros